Great lives, (Record no. 75563)

MARC details
000 -LEADER
fixed length control field 00555cam a22002291 4500
001 - CONTROL NUMBER
control field sa 67005943
003 - CONTROL NUMBER IDENTIFIER
control field DLC
005 - DATE AND TIME OF LATEST TRANSACTION
control field 20260227112402.0
008 - FIXED-LENGTH DATA ELEMENTS--GENERAL INFORMATION
fixed length control field 770330s1966 pk 000 0aeng
010 ## - LIBRARY OF CONGRESS CONTROL NUMBER
LC control number sa 67005943
020 ## - INTERNATIONAL STANDARD BOOK NUMBER
Terms of availability Rs 3.00
025 ## - OVERSEAS ACQUISITION NUMBER
Overseas acquisition number PL480:P-E-1171
035 ## - SYSTEM CONTROL NUMBER
System control number (OCoLC)2848520
040 ## - CATALOGING SOURCE
Original cataloging agency DLC
Transcribing agency NcWsW
Modifying agency DLC
050 00 - LIBRARY OF CONGRESS CALL NUMBER
Classification number D8
Item number .H3
082 00 - DEWEY DECIMAL CLASSIFICATION NUMBER
Classification number 909
100 1# - MAIN ENTRY--PERSONAL NAME
Personal name Haye, Kh. A.
245 10 - TITLE STATEMENT
Title Great lives,
Statement of responsibility, etc. by Kh. A. Haye.
260 ## - PUBLICATION, DISTRIBUTION, ETC.
Place of publication, distribution, etc. Karachi,
Name of publisher, distributor, etc. Patwa Printers
Date of publication, distribution, etc. [1966]
300 ## - PHYSICAL DESCRIPTION
Extent vi, 100 p.
Dimensions 22 cm.
650 #0 - SUBJECT ADDED ENTRY--TOPICAL TERM
Topical term or geographic name entry element Biography.

No items available.

Powered by Koha